Normal view
MARC view
- Mrcello R. Napolitano
Entry Personal Name
001 - CONTROL NUMBER
- control field: 1231
003 - CONTROL NUMBER IDENTIFIER
- control field: NUST
005 - DATE AND TIME OF LATEST TRANSACTION
- control field: 20170519132248.0
008 - FIXED-LENGTH DATA ELEMENTS
- fixed length control field: 170519|| aca||aabn | a|a d
040 ## - CATALOGING SOURCE
- Original cataloging agency: NUST
- Transcribing agency: NUST
100 ## - HEADING--PERSONAL NAME
- Personal name: Mrcello R. Napolitano
670 ## - SOURCE DATA FOUND
- Source citation: Work cat.: (NUST)24560: Mrcello R. Napolitano, Aircraft Dynamics for Modeling to Simulation, c2012.
